MARC

LEADER 00000nam0a2200000 4500
001 247248
005 20231101232301.0
035 |a (RuTPU)RU\TPU\book\268729 
090 |a 247248 
100 |a 20131219d1961 k y0rusy50 ca 
101 0 |a rus 
102 |a RU 
105 |a a z 001zy 
200 1 |a Проблемы механики сплошной среды  |f Академия наук СССР (АН СССР) ; под ред. М. А. Лаврентьева 
210 |a Москва  |c Изд-во АН СССР  |d 1961 
215 |a 579 с.  |c ил. 
300 |a К 70-летию академика Н. И. Мусхелишвили 
320 |a Библиография в конце статей 
600 1 |a Мусхелишвили  |b Н. И.  |c механик  |c математик  |f 1891-1976  |g Николай Иванович  |2 stltpush  |3 (RuTPU)RU\TPU\pers\25450  |9 11392 
606 1 |a Механика сплошных сред  |2 stltpush  |3 (RuTPU)RU\TPU\subj\43578  |9 63063 
610 1 |a ползучесть 
610 1 |a стержни 
610 1 |a кручение 
610 1 |a разрушение 
610 1 |a трещины 
610 1 |a интегральные уравнения 
610 1 |a расчет 
610 1 |a поля 
610 1 |a свойства 
610 1 |a сингулярные уравнения 
610 1 |a упругость 
610 1 |a задачи 
610 1 |a пластические волны 
610 1 |a распространение 
610 1 |a пластические деформации 
610 1 |a интерпретация 
610 1 |a сингулярные интегралы 
610 1 |a бифуркация 
675 |a 531/534  |v 3 
702 1 |a Лаврентьев  |b М. А.  |4 340 
712 0 2 |a Академия наук СССР (АН СССР)  |2 stltpush  |3 (RuTPU)RU\TPU\col\722 
801 1 |a RU  |b 63413507  |c 20131219 
801 2 |a RU  |b 63413507  |c 20140423  |g RCR 
942 |c BK